Vista normal
Vista MARC
Entrada Materia (personas)
Número de registros utilizados en: 2
001 - CONTROL NUMBER
- control field: 70757
003 - CONTROL NUMBER IDENTIFIER
- control field: Co-BoUCM
005 - DATE AND TIME OF LATEST TRANSACTION
- control field: 20150812091438.0
008 - FIXED-LENGTH DATA ELEMENTS
- fixed length control field: 150812|| aca||aabn | a|a d
040 ## - CATALOGING SOURCE
- Original cataloging agency: Co-BoUCM
- Transcribing agency: Co-BoUCM
100 ## - HEADING--PERSONAL NAME
- Personal name: Saavedra Galindo, José Manuel
- Dates associated with a name: 1885-1931
670 ## - SOURCE DATA FOUND
- Source citation: Work cat.: (Co-BoUCM): Saavedra Galindo, José Manuel 1885-1931, El libertador, 1931